000 00600nam a2200193Ia 4500
005 20260120124603.0
008 008 260114s9999 xx 000 0 eng d
020 _a9781849509442
037 _aEBOOK
040 _aCRL
_beng
_cCRL
041 _aeng
_2eng
084 _qCRL
245 0 _aInteractions and Intersections of Gendered Bodies at Work, at Home, and at Play
260 _bEmerald Publishing
_c2010
700 _aMarcia Texler Segal
_9908089
856 _uhttps://www.emerald.com/insight/publication/doi/10.1108/S1529-2126(2010)14
942 _cEBOOK
999 _c1499978
_d1499978